Dividendová politika uplatňovaná v období pandémie Covid-19

Vplyv súčasnej krízy spôsobenej pandémiou Covid-19 a prijatých opatrení na jej zastavenie na rozhodnutie jednotlivých spoločností o vyplácaní dividend. Priemerná medziročná zmena výšky vyplácanej dividendy, celková zadlženosť spoločností a vývoj cien akcií vybraných spoločností. Porovnanie 2439 spol...

Descrizione completa

Salvato in:
Dettagli Bibliografici
Autore principale: Zuzik, Jozef, 1985-
Altri autori: Weiss, Roland, 1984-
Natura: Capitolo di libro
Lingua:slovacco
Soggetti:
Tags: Aggiungi Tag
Nessun Tag, puoi essere il primo ad aggiungerne!!

MARC

LEADER 00000naa$a2200000$$$4500
001 0272676
005 20240502074310.8
041 0 |a slo 
044 |a SK 
245 1 0 |a Dividendová politika uplatňovaná v období pandémie Covid-19  |c Jozef Zuzik, Roland Weiss 
520 |a Vplyv súčasnej krízy spôsobenej pandémiou Covid-19 a prijatých opatrení na jej zastavenie na rozhodnutie jednotlivých spoločností o vyplácaní dividend. Priemerná medziročná zmena výšky vyplácanej dividendy, celková zadlženosť spoločností a vývoj cien akcií vybraných spoločností. Porovnanie 2439 spoločností obchodovaných na burze cenných papierov NYSE. 
610 2 0 |a dividendy 
610 2 0 |a výnosy 
610 2 0 |a koronavírus 
610 2 0 |a pandémia 
100 1 |a Zuzik, Jozef, 1985- 
700 1 |a Weiss, Roland, 1984-